History- Monarchy, Legendary Foundations Rome - Statistics

General Stats
  • This quiz has been taken 11 times
  • The average score is 9 of 35
Answer Stats
Hint Answer % Correct
Who is the father of Romulus and Remus? Mars
71%
A king who is known for expanding the Roman population in two ways Through the Rape of the Sabine Women, and offering asylum
on Capitoline for outlaws
Romulus
71%
Who does Aeneas fall in love with in Carthage? Dido
57%
Who won- the Horatii or Curiatii? Horatii
57%
How many Sibylline books did Tarquinus Superbus have? 3
43%
What prominent figure of Rome can trace his lineage to Aeneas? Julius Caesar
43%
Who is the mother of Aeneas? Venus
43%
Known for creating settlement of Ostia Ancus Marcius
29%
Built the Pons Sublicius (the wooden bridge) Ancus Marcius
29%
What hill was the Cult of Diana built on? Aventine
29%
What is a name for the Roman Senate house? Curia hostilia
29%
What is a bundle of rodes with an axe called? Fasces
29%
Who does Aeneas marry? (end) Lavinia
29%
Most known for religious reforms as king Numa Pompilius
29%
Consort was a water nymph named Egeria Numa Pompilius
29%
Who was the grandfather of Romulus and Remus? Numitor
29%
What was the defied name of the first king of Rome and his wife's? Quirinus, Hora
29%
What name could the Romans alternatively be called resulting from the defiedname of the first king of Rome? Quirites
29%
Who is the mother of Romulus and Remus? Rhea Silva
29%
What was Romes first major wall called? Servian Wall
29%
Real name was believed to be Lucomo, of Etruscan origin Tarquinus Priscus
29%
Wife was named Tanaquil, Son of Demaratus Tarquinus Priscus
29%
Who finished the temple of Jupiter on Capitol Hill, and the Cloaca Maximus? Tarquinus Superbus
29%
Who was known as "the proud"? Tarquinus Superbus
29%
What was the name of the daughter of Servus Tullius? Tullia
29%
Known as the warrior king (hint name) Tullus Hostilius
29%
During whose reign was the cult of Diana established? Servus Tullius
14%
Who is the father of Aeneas? Anchises
0%
What is the names of all the hills in Rome? Aventine, Caelian, Capitoline, Esquiline, Palatine, Quirinal, Viminal
0%
Who were the first consuls of Rome? Collatinus and Lucius Junius Brutus
0%
Who is the son of Aeneas? Iulus
0%
What king had the Etruscan name Mastarna? Serves Tullius
0%
Who was the vestal virgin who betrayed the Romans, killed by the Sabines? Tarpeia
0%
Who led the Sabines to recover their wives? Titus Tatius
0%
What is the name of the road, named after Tullia drags her father body over it after his murder? Via Scelerata (The Wicked Way)
0%
No matching quizzes found
Score Distribution
Percent of People with Each Score
Percentile by Number Answered
Your Score History
You have not taken this quiz